<?xml version="1.0" encoding="UTF-8"?>
<collection xmlns="http://www.loc.gov/MARC21/slim">
 <record>
  <leader>00358cam a2200133 7i4500</leader>
  <controlfield tag="001">0000040799</controlfield>
  <controlfield tag="005">20190920090000.0</controlfield>
  <datafield tag="020" ind1="0" ind2="0">
   <subfield code="a">9831040619 (pbk) </subfield>
  </datafield>
  <datafield tag="090" ind1="0" ind2="0">
   <subfield code="a">RA784 </subfield>
   <subfield code="b">HOW [?]</subfield>
  </datafield>
  <datafield tag="245" ind1="1" ind2="0">
   <subfield code="a">HOW Much SUGAR is Hidden in Your Foods  </subfield>
   <subfield code="c">CAP.</subfield>
  </datafield>
  <datafield tag="260" ind1="0" ind2="0">
   <subfield code="a">Pulau Pinang: </subfield>
   <subfield code="b">CAP, </subfield>
   <subfield code="c">[?].</subfield>
  </datafield>
  <datafield tag="300" ind1=" " ind2=" ">
   <subfield code="a">88p.; </subfield>
   <subfield code="c">12cm.</subfield>
  </datafield>
  <datafield tag="650" ind1="0" ind2="0">
   <subfield code="a">Nutrition </subfield>
  </datafield>
  <datafield tag="710" ind1="1" ind2="1">
   <subfield code="a">Consumers' Association of Penang </subfield>
  </datafield>
 </record>
</collection>
